Vector mechanics for engineers (Record no. 4856)

000 -LEADER
fixed length control field 00594nam a2200217 a 4500
001 - CONTROL NUMBER
control field 4856
003 - CONTROL NUMBER IDENTIFIER
control field BD-DhUET
008 - FIXED-LENGTH DATA ELEMENTS--GENERAL INFORMATION
fixed length control field 840307s1984 nyua 001 0 eng
020 ## - INTERNATIONAL STANDARD BOOK NUMBER
International Standard Book Number 0070044384
040 ## - CATALOGING SOURCE
Original cataloging agency DLC
Transcribing agency DLC
Modifying agency BD-DhUET
082 00 - DEWEY DECIMAL CLASSIFICATION NUMBER
Classification number 620.1
Item number BEE/1984
100 ## - MAIN ENTRY--PERSONAL NAME
Personal name Beer, Ferdinand P.
245 10 - TITLE STATEMENT
Title Vector mechanics for engineers
Remainder of title statics and dynamics
250 ## - EDITION STATEMENT
Edition statement 4th ed.
260 ## - PUBLICATION, DISTRIBUTION, ETC. (IMPRINT)
Place of publication, distribution, etc. New York
Name of publisher, distributor, etc. McGraw-Hill
Date of publication, distribution, etc. 1984
300 ## - PHYSICAL DESCRIPTION
Extent xxi, 926 p.
Other physical details ill.
Dimensions 24 cm.
504 ## - BIBLIOGRAPHY, ETC. NOTE
Bibliography, etc Includes bibliographies
650 #0 - SUBJECT ADDED ENTRY--TOPICAL TERM
Topical term or geographic name as entry element Engineering instruments
700 1# - ADDED ENTRY--PERSONAL NAME
Personal name Johnston, E. Russell
942 ## - ADDED ENTRY ELEMENTS (KOHA)
Koha item type General Book
Holdings
Shelving location Koha issues (times borrowed) Damaged status Koha full call number Price effective from Lost status Date acquired Not for loan Source of classification or shelving scheme Koha date last borrowed Piece designation (barcode) Withdrawn status Koha item type Location (home branch) Sublocation or collection (holding branch) Koha date last seen Copy number Koha normalized classification for sorting
Circulation section  620.1/BEE/19842014-11-23 2014-11-23   66051 General BookCentral Library, BUETCentral Library, BUET2015-12-081620_100000000000000_BEE_1984
Circulation section2 620.1/BEE/19842014-11-24 2014-11-24  2022-06-1266042 General BookCentral Library, BUETCentral Library, BUET2022-06-201620_000000000000000_1BEE1984
Circulation section4 620.1/BEE/19842014-11-29 2014-11-29  2023-01-1066086 General BookCentral Library, BUETCentral Library, BUET2023-06-071620_100000000000000_BEE_1984
Circulation section1 620.1 /BEE/19842014-12-11 2014-12-11  2025-04-3066044 General BookCentral Library, BUETCentral Library, BUET2025-05-2849620_100000000000000_BEE_1984
Circulation section  620.1/BEE/19842014-12-11 2014-12-11   66012 General BookCentral Library, BUETCentral Library, BUET2015-02-231620_100000000000000_BEE_1984
Circulation section  620.1/BEE/19842015-01-19 2015-01-19   66043 General BookCentral Library, BUETCentral Library, BUET2015-12-226620_100000000000000_BEE_1984
Circulation section1 620.1/BEE/19842015-02-16 2015-02-16  2022-11-2181336 General BookCentral Library, BUETCentral Library, BUET2022-12-137620_100000000000000_BEE_1984
Circulation section1 620.1/BEE/19842015-04-01 2015-04-01  2018-04-1866048 General BookCentral Library, BUETCentral Library, BUET2018-04-301620_100000000000000_BEE_1984
Reading section  620.1/BEE/19842015-06-21 2015-06-21   66015 Reading ItemCentral Library, BUETCentral Library, BUET2015-06-219620_100000000000000_BEE_1984
Reading section  620.1/BEE/19842015-06-22 2015-06-22   66014 General BookCentral Library, BUETCentral Library, BUET2015-06-2210620_100000000000000_BEE_1984
Reading section  620.1/BEE/19842015-06-22 2015-06-22   66013 General BookCentral Library, BUETCentral Library, BUET2015-06-2211620_100000000000000_BEE_1984
Reading section  620.01/BEE/19842015-06-29 2015-06-29   66095 Reading ItemCentral Library, BUETCentral Library, BUET2015-06-2912620_010000000000000_BEE_1984
Circulation section  620.1/BEE/19842015-07-28 2015-07-28   75502 General BookCentral Library, BUETCentral Library, BUET2015-07-2813620_100000000000000_BEE_1984